|
|
|
|
| LEADER |
02044nam a2200589 a 4500 |
| 001 |
nkc20132466046 |
| 003 |
CZ PrNK |
| 005 |
20140218074919.0 |
| 007 |
ta |
| 008 |
130529s2013 xr e 000 0 cze |
| 015 |
|
|
|a cnb002466046
|
| 020 |
|
|
|a 978-80-87853-00-9
|q (Moravapress :
|q brož.)
|
| 035 |
|
|
|a (OCoLC)870286679
|
| 040 |
|
|
|a ABA001
|b cze
|d OLA001
|
| 041 |
1 |
|
|a cze
|b eng
|h ita
|
| 072 |
|
7 |
|a 17
|x Etika. Morální filozofie
|2 Konspekt
|9 5
|
| 080 |
|
|
|a 17.037
|2 MRF
|
| 080 |
|
|
|a 316.72/.75(1-15)
|2 MRF
|
| 080 |
|
|
|a 316.346.32-053.6
|2 MRF
|
| 080 |
|
|
|a 316.752
|2 MRF
|
| 080 |
|
|
|a (048.8)
|2 MRF
|
| 080 |
|
|
|a (0.027)
|2 MRF
|
| 100 |
1 |
|
|a Galimberti, Umberto,
|d 1942-
|7 jx20040907003
|4 aut
|
| 245 |
1 |
0 |
|a Znepokojivý host :
|b nihilismus a mládež /
|c Umberto Galimberti ; v překladu a s kritickou studií Zdenky Sokolíčkové
|
| 246 |
1 |
|
|i Název v tiráži:
|a Znepokojivý host: nihilismus a mládež
|
| 246 |
3 |
0 |
|a Nihilismus a mládež
|
| 250 |
|
|
|a 1. vyd.
|
| 260 |
|
|
|a Ostrava :
|b Moravapress,
|c 2013
|
| 300 |
|
|
|a 144 s. ;
|c 21 cm
|
| 500 |
|
|
|a Přeloženo z italštiny
|
| 500 |
|
|
|a 300 výt.
|
| 504 |
|
|
|a Obsahuje bibliografie a bibliografické odkazy
|
| 546 |
|
|
|a Anglické resumé
|
| 650 |
0 |
7 |
|a nihilismus
|7 ph123293
|2 czenas
|
| 650 |
0 |
7 |
|a západní civilizace
|7 ph127736
|2 czenas
|
| 650 |
0 |
7 |
|a mládež
|7 ph115333
|2 czenas
|
| 650 |
0 |
7 |
|a hodnotová orientace
|7 ph117202
|2 czenas
|
| 650 |
0 |
9 |
|a nihilism
|2 eczenas
|
| 650 |
0 |
9 |
|a western civilization
|2 eczenas
|
| 650 |
0 |
9 |
|a youth
|2 eczenas
|
| 650 |
0 |
9 |
|a value orientation
|2 eczenas
|
| 655 |
|
7 |
|a studie
|7 fd133597
|2 czenas
|
| 655 |
|
7 |
|a kritická vydání
|7 fd249727
|2 czenas
|
| 655 |
|
9 |
|a studies
|2 eczenas
|
| 655 |
|
9 |
|a critical issues
|2 eczenas
|
| 765 |
0 |
|
|t Ospite inquietante
|9 Česky
|
| 700 |
1 |
|
|a Sokolíčková, Zdenka,
|d 1983-
|7 jo2013750333
|4 trl
|4 wfw
|
| 910 |
2 |
|
|a BOA001
|b 2-1317.813
|
| 990 |
|
|
|a BK
|
| 995 |
|
|
|a 01
|
| 991 |
|
|
|b 201402
|c NOV
|e n
|
| 996 |
6 |
|
|b 2610576722
|c 2-1317.813
|l MZK
|r Sklad / do 1 hodiny
|n 6
|p p.v.
|w 001393994
|u 000010
|a 1
|e BOA001
|j MZK50
|s P
|